[Event "Russian Championship G15 1st league 2016"]
[Site "Loo"]
[Date "2016.04.20"]
[Round "1.5"]
[White "Pikalova, Sofya"]
[Black "Voskresenskaya, Alevtina"]
[Result "1-0"]
[WhiteElo "1728"]
[BlackElo "1478"]
[PlyCount "73"]
[EventDate "2016.04.20"]

1. e4 c5 2. Nf3 Nc6 3. d4 cxd4 4. Nxd4 e5 5. Nb5 d6 6. N1c3 a6 7. Na3 b5 8. Nd5
Nf6 9. Bg5 Be7 10. Bxf6 gxf6 11. c4 Qa5+ 12. Qd2 Qxd2+ 13. Kxd2 bxc4 14. Nc7+
Kd7 15. Nxa8 Bd8 16. Nxc4 Bb7 17. Nab6+ Bxb6 18. Nxb6+ Ke8 19. Rc1 Nd4 20. Rc7
Bxe4 21. Rc8+ Ke7 22. Rxh8 f5 23. f3 Bb1 24. Bc4 Bc2 25. Rxh7 Ne6 26. Bxe6 Kxe6
27. Kxc2 f6 28. Rc1 f4 29. Kd3 Kf5 30. Rcc7 a5 31. Rcf7 Kg6 32. Rhg7+ Kh6 33.
Rg4 a4 34. Nd5 a3 35. Nxf6 e4+ 36. fxe4 axb2 37. Rh7# 1-0

[Event "Russian Championship G15 1st league 2016"]
[Site "Loo"]
[Date "2016.04.20"]
[Round "1.6"]
[White "Terkina, Yulia"]
[Black "Sosnina, Ekaterina"]
[Result "1/2-1/2"]
[WhiteElo "1459"]
[BlackElo "1727"]
[PlyCount "115"]
[EventDate "2016.04.20"]

1. d4 Nc6 2. e3 e5 3. dxe5 Nxe5 4. Nc3 Nf6 5. Nf3 Nxf3+ 6. Qxf3 Bb4 7. Bd2 d5
8. Bd3 c6 9. h3 O-O 10. O-O Be6 11. Rad1 Qc7 12. Ne2 Bxd2 13. Rxd2 Rae8 14.
Rfd1 a5 15. Qf4 Qc8 16. Qh4 b5 17. Nd4 b4 18. Nxe6 fxe6 19. Re1 e5 20. e4 d4
21. Bc4+ Kh8 22. Rd3 Nd7 23. Rg3 Nb6 24. Qg5 Qc7 25. b3 Nxc4 26. bxc4 Qf7 27.
Re2 Rg8 28. Rg4 Qxc4 29. Rd2 Qf7 30. Rd3 Qf6 31. Qh5 Qh6 32. Qf7 Ref8 33. Qc7
Qc1+ 34. Kh2 Rxf2 35. Qxe5 Rf1 36. Qxd4 Rh1+ 37. Kg3 Qe1+ 38. Qf2 Qxf2+ 39.
Kxf2 Rc1 40. Rd2 Ra1 41. e5 Rxa2 42. e6 b3 43. e7 Rxc2 44. Rxc2 bxc2 45. Rc4
Re8 46. Rxc6 Kg8 47. Rxc2 Rxe7 48. Ra2 Ra7 49. Ra4 Kf7 50. Ke3 Ke6 51. Ke4 h6
52. g4 g5 53. Kd4 Ra6 54. Kc5 Ke5 55. Kb5 Ra8 56. Kb6 Rb8+ 57. Kc6 Rc8+ 58. Kb6
1/2-1/2

[Event "Russian Championship G15 1st league 2016"]
[Site "Loo"]
[Date "2016.04.20"]
[Round "1.7"]
[White "Perch, Sofya"]
[Black "Minko, Olga"]
[Result "1-0"]
[WhiteElo "1723"]
[BlackElo "1446"]
[PlyCount "63"]
[EventDate "2016.04.20"]

1. d4 d5 2. Nf3 Nf6 3. c4 dxc4 4. e3 e6 5. Bxc4 a6 6. O-O b5 7. Bb3 c5 8. a3
Bb7 9. Nbd2 Qc7 10. Bc2 Nc6 11. dxc5 Bxc5 12. b4 Bd6 13. Bb2 Ne5 14. Rc1 Qb8
15. h3 O-O 16. Ng5 h6 17. Nge4 Nxe4 18. Nxe4 Bxe4 19. Bxe4 Ra7 20. Bd4 Rc7 21.
Rxc7 Qxc7 22. f4 Nd7 23. Bd3 Re8 24. Bc4 Qxc4 25. Bxg7 Bxb4 26. Bxh6 Bf8 27.
Qg4+ Kh7 28. Bxf8 Rxf8 29. Qh5+ Kg8 30. Qg5+ Kh7 31. Rf3 f6 32. Qh5+ 1-0

[Event "Russian Championship G15 1st league 2016"]
[Site "Loo"]
[Date "2016.04.20"]
[Round "1.8"]
[White "Shelezhonkova, Kseniya"]
[Black "Tolkacheva, Anna"]
[Result "0-1"]
[WhiteElo "1446"]
[BlackElo "1702"]
[PlyCount "80"]
[EventDate "2016.04.20"]

1. e4 c5 2. Nf3 d6 3. d4 cxd4 4. Nxd4 Nf6 5. Nc3 a6 6. Be3 e6 7. f3 Nbd7 8. g4
h6 9. h4 b5 10. Qd2 Bb7 11. Rg1 Ne5 12. O-O-O b4 13. Nce2 Nc4 14. Qd3 Rc8 15.
g5 hxg5 16. hxg5 Qa5 17. Qb3 Nd7 18. g6 Nc5 19. gxf7+ Kxf7 20. Qxc4 d5 21. Nb3
Qxa2 22. exd5 Nxb3+ 23. cxb3 Rxc4+ 24. bxc4 Qa1+ 25. Kc2 b3+ 26. Kc3 Qxd1 27.
dxe6+ Ke8 28. Nd4 a5 29. c5 Kd8 30. c6 Bb4+ 31. Kc4 Ba6+ 32. Kd5 Rh5+ 33. Bg5+
Rxg5+ 34. Rxg5 Qxf1 35. Rxg7 Qc4+ 36. Ke5 Bd6+ 37. Kf5 Qxd4 38. Rd7+ Ke8 39. c7
Qe5+ 40. Kg4 Qxe6+ 0-1

[Event "Russian Championship G15 1st league 2016"]
[Site "Loo"]
[Date "2016.04.20"]
[Round "1.9"]
[White "Polyanskaya, Elizaveta"]
[Black "Shadrukhina, Svetlana"]
[Result "1-0"]
[WhiteElo "1701"]
[BlackElo "1434"]
[PlyCount "111"]
[EventDate "2016.04.20"]

1. d4 d5 2. Nf3 Nc6 3. g3 Nf6 4. Bg2 Bf5 5. O-O Nb4 6. Na3 e6 7. c3 Nc6 8. Nc2
Bd6 9. Ne3 Bg6 10. Re1 O-O 11. Nh4 Be4 12. f3 Bg6 13. Nxg6 fxg6 14. Nc2 h6 15.
e4 dxe4 16. fxe4 Be7 17. e5 Nd5 18. Qg4 Kh7 19. Qxe6 Nb6 20. Bxc6 bxc6 21. Qxc6
Qc8 22. Ne3 Bg5 23. Qg2 Bxe3+ 24. Bxe3 Qf5 25. Qf2 Qd3 26. Qe2 Qe4 27. Bf4 Qd5
28. b3 g5 29. Bd2 Qc6 30. c4 Qd7 31. d5 Qe7 32. Qe4+ Kh8 33. Rf1 Qc5+ 34. Be3
Qe7 35. Bxb6 cxb6 36. Qd4 Rae8 37. Rxf8+ Rxf8 38. Rf1 Re8 39. e6 Qa3 40. Qf2
Qb4 41. Qb2 b5 42. Rf7 Rg8 43. Qe2 bxc4 44. bxc4 Re8 45. e7 Qc5+ 46. Kg2 Kg8
47. Qe6 Kh8 48. Qg6 Rg8 49. e8=Q Qd4 50. Qee4 Qxe4+ 51. Qxe4 g4 52. Qxg4 a5 53.
d6 a4 54. d7 a3 55. d8=Q Rxd8 56. Qxg7# 1-0

[Event "Russian Championship G15 1st league 2016"]
[Site "Loo"]
[Date "2016.04.20"]
[Round "1.10"]
[White "Vlezko, Maria"]
[Black "Yurasova, Daria"]
[Result "0-1"]
[WhiteElo "1432"]
[BlackElo "1698"]
[PlyCount "98"]
[EventDate "2016.04.20"]

1. c4 e6 2. g3 Nf6 3. Bg2 Be7 4. e3 Nc6 5. d4 d5 6. b3 b6 7. Bb2 Bb7 8. Ne2 O-O
9. O-O dxc4 10. bxc4 Na5 11. Bxb7 Nxb7 12. Nf4 Qd7 13. Nd2 c5 14. Rb1 cxd4 15.
exd4 Rac8 16. Bc3 Nd6 17. Nd3 Nfe4 18. Nxe4 Nxe4 19. Ba1 Bf6 20. Qe2 Nd6 21. c5
bxc5 22. Nxc5 Qc6 23. Qg4 Qd5 24. Rfe1 Nf5 25. Nb3 a5 26. Re4 a4 27. Nc1 Rc2
28. Bb2 Rb8 29. Re2 Rxe2 30. Nxe2 Qxa2 31. Nc3 Qc4 32. Qf4 Rb3 33. Bc1 Rxb1 34.
Nxb1 h6 35. Be3 Nxd4 36. Qb8+ Kh7 37. Nd2 Qc1+ 38. Kg2 Qc6+ 39. Kg1 Ne2+ 40.
Kf1 Nc3 41. f3 Qa6+ 42. Kg1 Qe2 43. Qb6 Qe1+ 44. Kg2 Nd5 45. Qd6 Nxe3+ 46. Kh3
Nf5 47. Qd3 Qe3 48. Qc2 Qc3 49. Qd1 Qd3 0-1

[Event "Russian Championship G15 1st league 2016"]
[Site "Loo"]
[Date "2016.04.20"]
[Round "1.11"]
[White "Burnyasheva, Elena"]
[Black "Gusenkova, Karina"]
[Result "0-1"]
[WhiteElo "1664"]
[BlackElo "1431"]
[PlyCount "126"]
[EventDate "2016.04.20"]

1. e4 d6 2. d4 Nf6 3. Nc3 Nbd7 4. Nf3 e5 5. Bc4 Be7 6. O-O O-O 7. Re1 c6 8. a4
a5 9. b3 Qc7 10. Bb2 Nb6 11. Bf1 Bg4 12. Be2 Rfe8 13. h3 Bh5 14. Qd2 h6 15.
Rad1 Rad8 16. g4 Bg6 17. Bd3 Nh7 18. Na2 Nd7 19. Kg2 Ng5 20. Qe3 Nxf3 21. Qxf3
Bf6 22. c3 Qb6 23. Bc2 Nf8 24. Bc1 Nh7 25. dxe5 dxe5 26. Be3 Qc7 27. Qg3 Ng5
28. Bxg5 Bxg5 29. h4 Bf4 30. Qf3 f6 31. Nc1 Bxc1 32. Rxc1 Re7 33. Rcd1 Red7 34.
Rxd7 Rxd7 35. Rd1 Qd8 36. Bd3 Bf7 37. c4 Be6 38. Kg3 Rd4 39. Qe2 Qd7 40. f3 Bf7
41. h5 Kh8 42. Qe3 Qd8 43. Qe2 b5 44. axb5 cxb5 45. Qc2 bxc4 46. Bxc4 Rxd1 47.
Bxf7 Rd7 48. Bd5 Qc7 49. Qa2 Qb6 50. Qa4 Rd8 51. Qc4 Qb8 52. Qa6 Qc7 53. Qe6
Qd6 54. Qf7 Qd7 55. Qg6 Rf8 56. Bc4 Rc8 57. Bd5 Rd8 58. Bc4 Qd2 59. Qf5 Qe3 60.
Qe6 Qf4+ 61. Kg2 Rd2+ 62. Kg1 Qh2+ 63. Kf1 Rd1# 0-1

[Event "Russian Championship G15 1st league 2016"]
[Site "Loo"]
[Date "2016.04.20"]
[Round "1.12"]
[White "Kononova, Anastasiya"]
[Black "Nikolaeva, Ksenya"]
[Result "0-1"]
[WhiteElo "1426"]
[BlackElo "1660"]
[PlyCount "72"]
[EventDate "2016.04.20"]

1. e4 c5 2. Nf3 e6 3. Nc3 a6 4. a4 Qc7 5. Bc4 Nf6 6. O-O Nc6 7. d3 Be7 8. Be3
O-O 9. Qe2 b6 10. d4 cxd4 11. Nxd4 Bb7 12. Nxc6 Qxc6 13. Bd3 Bb4 14. f3 d6 15.
Rfd1 Nd7 16. Qf2 Rab8 17. Ne2 Bc5 18. Nd4 Qc7 19. c3 Ne5 20. b4 Bxd4 21. Bxd4
Nxd3 22. Rxd3 b5 23. a5 Qc4 24. Rad1 Rbc8 25. Qg3 e5 26. Bb6 Qb3 27. Rxd6 Qxc3
28. Bc5 Rfe8 29. Rb6 Rc7 30. Rbd6 Rcc8 31. Qg5 Bc6 32. Qg4 Bb7 33. Qd7 Rb8 34.
Qc7 g6 35. Rd8 Rbxd8 36. Rxd8 Qe1# 0-1

[Event "Russian Championship G15 1st league 2016"]
[Site "Loo"]
[Date "2016.04.20"]
[Round "1.13"]
[White "Fairuzova, Zulfiiya"]
[Black "Bezenkina, Ekaterina"]
[Result "1-0"]
[WhiteElo "1659"]
[BlackElo "1413"]
[PlyCount "111"]
[EventDate "2016.04.20"]

1. d4 d5 2. c4 e6 3. Nc3 Nf6 4. Bg5 h6 5. Bh4 Be7 6. e3 O-O 7. Nf3 Nbd7 8. Be2
dxc4 9. Bxc4 b6 10. O-O Bb7 11. Rc1 c5 12. Be2 Rc8 13. a3 Nd5 14. Nxd5 Bxh4 15.
Nxh4 Qxh4 16. Nf4 Rfd8 17. Bf3 Ba6 18. Be2 Bb7 19. Bb5 Nf6 20. g3 Qg5 21. h4
Qf5 22. Bd3 Be4 23. Bxe4 Qxe4 24. Qa4 cxd4 25. exd4 Rxc1 26. Rxc1 Qxd4 27. Qxa7
Qxb2 28. Rf1 Ne4 29. Qe7 Qd4 30. Kg2 Nd2 31. Re1 Ne4 32. Re2 Nc3 33. Rb2 Qd6
34. Qb7 Qxa3 35. Qxb6 Qa8+ 36. f3 Nd5 37. Nxd5 Qxd5 38. Rf2 Kf8 39. Rc2 Ke7 40.
Qb4+ Kf6 41. Qb2+ Qd4 42. Qc1 Rd5 43. g4 g5 44. hxg5+ Rxg5 45. Rc4 Qd5 46. Rf4+
Kg6 47. Qc2+ f5 48. Rc4 h5 49. Kf2 hxg4 50. fxg4 Kh7 51. Kg3 Rg6 52. Rc7+ Kg8
53. Rc8+ Kf7 54. Qc7+ Kf6 55. Rf8+ Kg5 56. Qf4# 1-0

[Event "Russian Championship G15 1st league 2016"]
[Site "Loo"]
[Date "2016.04.20"]
[Round "1.14"]
[White "Oglezneva, Polina"]
[Black "Badmaeva, Baina"]
[Result "0-1"]
[WhiteElo "1380"]
[BlackElo "1656"]
[PlyCount "82"]
[EventDate "2016.04.20"]

1. e4 c5 2. Nf3 d6 3. d4 cxd4 4. Nxd4 Nf6 5. Nc3 g6 6. Be3 Bg7 7. Bc4 O-O 8.
Qd2 Nc6 9. O-O Bd7 10. Rfe1 a6 11. a4 Ng4 12. Nf3 Nxe3 13. Qxe3 Ne5 14. Bb3 Bc6
15. Nd4 Bd7 16. Rad1 Rc8 17. Bd5 Qc7 18. Bb3 e6 19. Nce2 Nc4 20. Qc3 d5 21. Ng3
Qb6 22. exd5 exd5 23. Nge2 Rfe8 24. a5 Qd6 25. Qf3 Nxb2 26. Qxd5 Qxd5 27. Bxd5
Nxd1 28. Rxd1 Bc6 29. Bxc6 bxc6 30. Kf1 c5 31. Nf3 Rb8 32. Ne1 Rb5 33. Rd6 Rxa5
34. Rc6 Bd4 35. g3 Ra1 36. Rb6 a5 37. Rb5 a4 38. Ra5 Rxe1+ 39. Kxe1 Bc3+ 40.
Kd1 Bxa5 41. Nf4 a3 0-1

[Event "Russian Championship G15 1st league 2016"]
[Site "Loo"]
[Date "2016.04.20"]
[Round "1.15"]
[White "Malozemova, Darya"]
[Black "Kuznetsova, Maria"]
[Result "1-0"]
[WhiteElo "1643"]
[BlackElo "1378"]
[PlyCount "95"]
[EventDate "2016.04.20"]

1. d4 d5 2. Bf4 c6 3. Nf3 Nf6 4. e3 Bg4 5. Nbd2 e6 6. Bd3 Nbd7 7. h3 Bh5 8. c3
c5 9. g4 Bg6 10. Qc2 Bxd3 11. Qxd3 Qb6 12. Rb1 cxd4 13. exd4 Bd6 14. Ne5 O-O
15. Ndf3 Bxe5 16. Nxe5 Nxe5 17. Bxe5 Ne4 18. f3 Nd6 19. h4 f6 20. Bg3 e5 21.
dxe5 fxe5 22. Qxd5+ Kh8 23. Bf2 Qc7 24. O-O Nc4 25. b3 Nb6 26. Qe4 Nd5 27. Qxd5
Rad8 28. Qc5 Qf7 29. Bg3 Qg6 30. Rbd1 h5 31. Qxe5 hxg4 32. h5 Qb6+ 33. Bf2 Qh6
34. fxg4 Rde8 35. Qc5 Qf4 36. Rd4 Qf3 37. h6 gxh6 38. Rc4 Re1 39. Rxe1 Qf7 40.
Re7 Qg6 41. Bd4+ Kg8 42. Rg7+ Qxg7 43. Bxg7 Kxg7 44. Qe5+ Kg8 45. Rc7 Rf7 46.
Qe8+ Kg7 47. Qxf7+ Kh8 48. Qg7# 1-0

[Event "Russian Championship G15 1st league 2016"]
[Site "Loo"]
[Date "2016.04.20"]
[Round "1.16"]
[White "Belova, Kseniya"]
[Black "Plaksina, Sofya"]
[Result "0-1"]
[WhiteElo "1355"]
[BlackElo "1630"]
[PlyCount "86"]
[EventDate "2016.04.20"]

1. e4 e5 2. Nf3 Nc6 3. d4 exd4 4. Nxd4 Bc5 5. Nf5 d5 6. Nxg7+ Kf8 7. Nh5 dxe4
8. Bd2 Bf5 9. Be2 Bg6 10. O-O Bxh5 11. Bxh5 Qf6 12. Nc3 Qf5 13. Be3 Nf6 14.
Bh6+ Kg8 15. g4 Qe5 16. g5 Rd8 17. Qe2 Nd4 18. Bxf7+ Kxf7 19. Qc4+ Ke8 20. Kg2
Nh5 21. Rae1 Be7 22. Rxe4 Qd6 23. Rfe1 Nf4+ 24. Kh1 Ng6 25. Nb5 Nxb5 26. Qxb5+
Qc6 27. Qb4 Rd7 28. Kg1 Kd8 29. Qa5 Qb6 30. Qc3 Rg8 31. Qf3 Bc5 32. Re6 c6 33.
Qf6+ Kc8 34. Re8+ Rxe8 35. Rxe8+ Kc7 36. Qf3 Bd6 37. Qc3 Qc5 38. Qe1 Bf4 39.
Re2 Bxg5 40. b4 Qf5 41. Bxg5 Qxg5+ 42. Kf1 Nf4 43. Re5 Qg2# 0-1

[Event "Russian Championship G15 1st league 2016"]
[Site "Loo"]
[Date "2016.04.20"]
[Round "1.17"]
[White "Martysh, Darja"]
[Black "Muratova, Anastasiya"]
[Result "1-0"]
[WhiteElo "1614"]
[BlackElo "1327"]
[PlyCount "55"]
[EventDate "2016.04.20"]

1. e4 c5 2. Nc3 g6 3. g3 Bg7 4. Bg2 d6 5. d3 Nf6 6. f4 Nbd7 7. Nf3 a6 8. O-O
O-O 9. Nh4 Rb8 10. f5 b5 11. Bg5 Bb7 12. Qd2 Ng4 13. h3 Nge5 14. Ne2 Re8 15. g4
c4 16. d4 Nc6 17. c3 Qb6 18. Kh1 Na7 19. fxg6 fxg6 20. Bh6 Bf6 21. g5 Bh8 22.
Qf4 Rf8 23. Bxf8 Rxf8 24. Qg3 Re8 25. Qf4 Rf8 26. Qg4 Rd8 27. Qe6+ Kg7 28. Qf7#
1-0

[Event "Russian Championship G15 1st league 2016"]
[Site "Loo"]
[Date "2016.04.20"]
[Round "1.18"]
[White "Maltsevskaya, Anna"]
[Black "Khomyak, Aleksandra"]
[Result "1/2-1/2"]
[WhiteElo "1326"]
[BlackElo "1612"]
[PlyCount "149"]
[EventDate "2016.04.20"]

1. e4 c5 2. c3 Nf6 3. e5 Nd5 4. d4 cxd4 5. cxd4 Nc6 6. Bc4 Nb6 7. Bb3 d5 8. Nc3
Bf5 9. Be3 e6 10. Nf3 Be7 11. Qd2 O-O 12. O-O Rc8 13. Bg5 Na5 14. Bxe7 Qxe7 15.
Nxd5 Nxd5 16. Qxa5 b6 17. Qd2 Qd7 18. Rac1 Rfd8 19. Nh4 Ne7 20. Qb4 Nc6 21. Qa4
Bd3 22. Rfd1 b5 23. Qa3 Nxd4 24. Rxc8 Rxc8 25. Qd6 Ne2+ 26. Kf1 Qxd6 27. exd6
Nf4+ 28. Ke1 Bc4 29. Bxc4 bxc4 30. d7 Rd8 31. Rd4 Ng6 32. Rxc4 Rxd7 33. Rc8+
Nf8 34. Nf3 g6 35. Ne5 Rb7 36. b4 Kg7 37. a3 Nd7 38. Nc6 Nb6 39. Rd8 Nc4 40. a4
Rc7 41. b5 Rb7 42. Ra8 Nb6 43. Rxa7 Rxa7 44. Nxa7 Nxa4 45. Kd2 Nc5 46. b6 Kf6
47. f4 Ke7 48. Kc3 Kd7 49. Kc4 Nb7 50. Kb5 f6 51. Nc6 h6 52. g4 h5 53. gxh5
gxh5 54. h4 Kd6 55. Nb4 e5 56. fxe5+ fxe5 57. Kc4 Ke6 58. Nd5 Kf5 59. Kb5 e4
60. Kc6 Na5+ 61. Kd6 Nb7+ 62. Kc7 Na5 63. b7 Nxb7 64. Kxb7 Kg4 65. Nf6+ Kxh4
66. Nxe4 Kh3 67. Kc6 h4 68. Kd5 Kg4 69. Kd4 Kf4 70. Nf2 Kf3 71. Nh3 Kg3 72. Ng5
Kg4 73. Ne4 Kf4 74. Nf2 Kf3 75. Nh3 1/2-1/2

[Event "Russian Championship G15 1st league 2016"]
[Site "Loo"]
[Date "2016.04.20"]
[Round "1.19"]
[White "Sakharova, Veronika"]
[Black "Tereschenko, Dariy"]
[Result "0-1"]
[WhiteElo "1612"]
[BlackElo "1312"]
[PlyCount "152"]
[EventDate "2016.04.20"]

1. e4 e6 2. d4 d5 3. e5 c5 4. c3 Nc6 5. Nf3 Qb6 6. a3 cxd4 7. cxd4 Nge7 8. Nc3
Nf5 9. Na4 Qa5+ 10. Bd2 Qd8 11. Be3 Nxe3 12. fxe3 Be7 13. Bd3 f6 14. O-O f5 15.
Kh1 h5 16. Nc5 Bxc5 17. dxc5 g5 18. Bb5 Bd7 19. Bxc6 Bxc6 20. Qd4 g4 21. Ng1
Rc8 22. Rfc1 Bb5 23. b3 Kf7 24. a4 Bd7 25. Ne2 b6 26. b4 bxc5 27. Rxc5 Rxc5 28.
Qxc5 Qb8 29. Qd4 Rc8 30. b5 Rc4 31. Qb2 Qb6 32. Qd2 a6 33. Ng3 axb5 34. axb5
Qxb5 35. e4 Kg6 36. exf5+ exf5 37. Qe2 Be6 38. h4 f4 39. Nf1 Rc5 40. Qa2 Qd7
41. Qb1+ Bf5 42. Qb6+ Rc6 43. Qf2 Qd8 44. Kg1 Qe7 45. Qxf4 Qxh4 46. Ra8 Qe7 47.
Rg8+ Kh7 48. Ra8 Qf7 49. Qe3 Rc7 50. Qd4 Be6 51. Qb6 Qe7 52. Qe3 Qc5 53. Qxc5
Rxc5 54. Ra6 Bc8 55. Ra7+ Kg6 56. Ra4 Kf5 57. Ng3+ Kxe5 58. Nxh5 Rc4 59. Ra1
Bd7 60. Rf1 Be6 61. Ng3 d4 62. Re1+ Kd5 63. Ne2 d3 64. Ng3 Bd7 65. Rd1 Rd4 66.
Kf2 Ba4 67. Rd2 Kc4 68. Nf1 Rf4+ 69. Ke1 Kc3 70. Ra2 Bb3 71. Ra8 Re4+ 72. Kf2
Re2+ 73. Kg3 d2 74. Nxd2 Rxd2 75. Kxg4 Rxg2+ 76. Kf3 Bd5+ 0-1

[Event "Russian Championship G15 1st league 2016"]
[Site "Loo"]
[Date "2016.04.20"]
[Round "1.20"]
[White "Chagina, Ulyana"]
[Black "Turko, Anastasia"]
[Result "1-0"]
[WhiteElo "1276"]
[BlackElo "1612"]
[PlyCount "121"]
[EventDate "2016.04.20"]

1. e4 Nf6 2. e5 Nd5 3. d4 d6 4. Nf3 Bg4 5. Be2 Nc6 6. c4 Nb6 7. exd6 exd6 8.
O-O Be7 9. Nc3 O-O 10. b3 Bf6 11. Be3 Re8 12. h3 Bh5 13. Nh2 Bg6 14. a3 Ne7 15.
g4 c5 16. Bf3 Nc6 17. Bxc6 bxc6 18. Qd2 cxd4 19. Bxd4 Bxd4 20. Qxd4 Qh4 21. Kg2
f5 22. Nf3 Qd8 23. Rad1 fxg4 24. hxg4 d5 25. c5 Nd7 26. b4 Be4 27. Rde1 Bxf3+
28. Kxf3 Qh4 29. Rh1 Qf6+ 30. Qxf6 gxf6 31. Kf4 Kg7 32. g5 Kg6 33. gxf6 Nxf6
34. Reg1+ Kf7 35. f3 Re6 36. Rg5 d4 37. Ne4 Nxe4 38. fxe4 h6 39. Rgh5 Rae8 40.
e5 d3 41. Rxh6 Rxe5 42. Rh7+ Kg8 43. Rh8+ Kg7 44. Rxe8 Rxe8 45. Rd1 Rd8 46. Ke3
Kf6 47. Rxd3 Rxd3+ 48. Kxd3 Ke6 49. Ke4 Kf6 50. Kf4 a6 51. a4 Ke6 52. Ke4 Kf6
53. Kd4 Ke6 54. Kc4 Kd7 55. b5 cxb5+ 56. axb5 axb5+ 57. Kxb5 Kc7 58. c6 Kb8 59.
Kb6 Kc8 60. c7 Kd7 61. Kb7 1-0

[Event "Russian Championship G15 1st league 2016"]
[Site "Loo"]
[Date "2016.04.20"]
[Round "1.21"]
[White "Surkova, Sofya"]
[Black "Esenina, Elena"]
[Result "1-0"]
[WhiteElo "1574"]
[BlackElo "1266"]
[PlyCount "67"]
[EventDate "2016.04.20"]

1. e4 c5 2. Nf3 Nc6 3. d4 cxd4 4. Nxd4 Nf6 5. Nc3 g6 6. Be3 Bg7 7. f3 O-O 8. g4
d5 9. g5 Ne8 10. exd5 Nb4 11. Bc4 Nc7 12. Nde2 b6 13. a3 Nba6 14. Qd2 Qd6 15.
Ne4 Qd7 16. O-O-O Bb7 17. d6 Bxe4 18. fxe4 Nc5 19. Bxc5 bxc5 20. dxc7 Qxc7 21.
Qd7 Qb6 22. c3 Rab8 23. Qd2 Rb7 24. Qc2 Rfb8 25. Rd2 Qc7 26. Qd3 Be5 27. h4 Bf4
28. Nxf4 Qxf4 29. Rf1 Qxh4 30. Rxf7 e6 31. Rxb7 Rxb7 32. Qd8+ Kf7 33. Qf6+ Ke8
34. Rd8# 1-0

[Event "Russian Championship G15 1st league 2016"]
[Site "Loo"]
[Date "2016.04.20"]
[Round "1.22"]
[White "Khairullina, Gulshat"]
[Black "Tsvetkova, Vladislava"]
[Result "0-1"]
[WhiteElo "1157"]
[BlackElo "1570"]
[PlyCount "72"]
[EventDate "2016.04.20"]

1. e4 e5 2. Nf3 Nc6 3. Bc4 g6 4. Nc3 Bg7 5. d3 Nf6 6. O-O O-O 7. h3 d6 8. Be3
h6 9. Qd2 Kh7 10. Ne2 Nd7 11. c3 f5 12. exf5 gxf5 13. Qc2 f4 14. Bd2 Nb6 15.
d4+ Kh8 16. Bd3 Qe7 17. dxe5 dxe5 18. Be4 Nc4 19. Rad1 Bd7 20. Bd5 Nd6 21. Rfe1
Bf5 22. Qc1 Qf6 23. Kh2 e4 24. Bxc6 bxc6 25. Nfd4 f3 26. Ng3 Bd7 27. gxf3 exf3
28. Re3 Qh4 29. Nxf3 Qxh3+ 30. Kg1 Bg4 31. Ng5 hxg5 32. Nf5 Bf3 33. Rxf3 Qxf3
34. Ne7 Qxf2+ 35. Kh1 Rf3 36. Bxg5 Rh3# 0-1

[Event "Russian Championship G15 1st league 2016"]
[Site "Loo"]
[Date "2016.04.20"]
[Round "1.23"]
[White "Aliverdieva, Elina"]
[Black "Pervukhina, Ekaterina"]
[Result "1-0"]
[WhiteElo "1566"]
[BlackElo "1101"]
[PlyCount "59"]
[EventDate "2016.04.20"]

1. e4 e5 2. Nf3 Nc6 3. Bb5 Bc5 4. O-O d6 5. c3 a6 6. Ba4 b5 7. Bb3 Bg4 8. Bd5
Nge7 9. Bxf7+ Kd7 10. h3 Rf8 11. hxg4 Rxf7 12. d4 Bb6 13. dxe5 Kc8 14. Ng5 Rf8
15. Ne6 Qe8 16. Nxf8 Qxf8 17. exd6 Ng6 18. dxc7 Bxc7 19. Nd2 Kb7 20. Nf3 Rd8
21. Qe2 h6 22. a4 Na7 23. Nd4 Qd6 24. g3 Qe5 25. axb5 axb5 26. Rxa7+ Kc8 27.
Nc6 Qf6 28. Nxd8 Bxd8 29. Qxb5 Ne5 30. Qb7# 1-0

[Event "Russian Championship G15 1st league 2016"]
[Site "Loo"]
[Date "2016.04.20"]
[Round "1.24"]
[White "Leontieva, Lada"]
[Black "Novogenova, Anastasia"]
[Result "0-1"]
[WhiteElo "1071"]
[BlackElo "1555"]
[PlyCount "181"]
[EventDate "2016.04.20"]

1. d4 Nf6 2. Nf3 g6 3. c4 Bg7 4. Nc3 d6 5. h3 O-O 6. Bf4 Nbd7 7. e3 Re8 8. Be2
c5 9. O-O cxd4 10. exd4 Nb6 11. Re1 Nh5 12. Bh2 Be6 13. d5 Bc8 14. Qc2 Nd7 15.
Rad1 Nc5 16. Nd4 Nf6 17. Bf3 Nfd7 18. b4 Na6 19. a3 Nb6 20. Qb3 Bd7 21. b5 Nc5
22. Qa2 Rc8 23. a4 g5 24. a5 Na8 25. Re3 Bxd4 26. Rxd4 Bf5 27. Bg4 Bxg4 28.
Rxg4 h6 29. f4 e6 30. fxg5 hxg5 31. Reg3 f6 32. h4 Qe7 33. Qc2 exd5 34. Qg6+
Qg7 35. Qf5 Qe7 36. Qxd5+ Qe6 37. Ne4 Nxe4 38. Rxe4 Qxd5 39. Rxe8+ Rxe8 40.
cxd5 Re1+ 41. Kf2 Re5 42. Rc3 Re8 43. Bxd6 gxh4 44. Re3 Rd8 45. Be7 Rxd5 46.
Bxf6 Rf5+ 47. Rf3 Rxb5 48. Bxh4 Rxa5 49. Rg3+ Kf7 50. Rf3+ Ke6 51. Rf6+ Kd7 52.
Rf7+ Kc6 53. Rf6+ Kd7 54. Rf7+ Kc6 55. Rf6+ Kb5 56. Rf5+ Ka4 57. Rf4+ Kb5 58.
Rf5+ Ka6 59. Rxa5+ Kxa5 60. g4 Kb5 61. Bd8 Kc6 62. g5 Kd7 63. g6 Ke6 64. g7 Kf7
65. Bf6 Nc7 66. Ke2 Ne6 67. Kd3 Nxg7 68. Bd4 a6 69. Bb6 Ke7 70. Kc4 Kd7 71. Ba5
Kc6 72. Kb4 b6 73. Bxb6 Kxb6 74. Ka4 Ne6 75. Kb4 Nd4 76. Ka4 Nc6 77. Ka3 a5 78.
Ka4 Kc5 79. Ka3 Kc4 80. Ka4 Kc3 81. Ka3 Kc2 82. Ka2 Nd4 83. Ka3 Kb1 84. Ka4 Nc6
85. Kb5 Ka2 86. Ka4 Kb2 87. Kb5 Kb3 88. Kxc6 a4 89. Kd5 a3 90. Kd4 a2 91. Kd3
0-1

[Event "Russian Championship G17 2016"]
[Site "Loo"]
[Date "2016.04.20"]
[Round "1.1"]
[White "Shuvalova, Polina"]
[Black "Skomorokhina, Ekaterina"]
[Result "1-0"]
[WhiteElo "2196"]
[BlackElo "1883"]
[PlyCount "77"]
[EventDate "2016.04.20"]

1. e4 c5 2. Nf3 Nc6 3. Bb5 Qc7 4. O-O a6 5. Bxc6 Qxc6 6. Nc3 e6 7. d4 cxd4 8.
Qxd4 d6 9. Be3 Nf6 10. Rad1 Be7 11. e5 dxe5 12. Nxe5 Qc7 13. Qa4+ Bd7 14. Nxd7
Nxd7 15. Bd4 Qc6 16. Qxc6 bxc6 17. Bxg7 Rg8 18. Bd4 c5 19. Be3 Ne5 20. Ne4 Nc4
21. Bc1 f5 22. b3 Ne5 23. Nd6+ Bxd6 24. Rxd6 Ke7 25. Rdd1 c4 26. Ba3+ Kf7 27.
Bb2 Nf3+ 28. Kh1 Ng5 29. f3 cxb3 30. cxb3 h5 31. h4 Nh7 32. Rd7+ Kg6 33. Re1
Nf8 34. Rc7 Rd8 35. Bc3 Rd3 36. Kg1 Kh6 37. Kf2 Rg6 38. Re2 f4 39. Be5 1-0

[Event "Russian Championship G17 2016"]
[Site "Loo"]
[Date "2016.04.20"]
[Round "1.2"]
[White "Golovkina, Anastasia"]
[Black "Mylnikova, Olga"]
[Result "0-1"]
[WhiteElo "1881"]
[BlackElo "2194"]
[PlyCount "132"]
[EventDate "2016.04.20"]

1. e4 c5 2. Nf3 Nc6 3. d4 cxd4 4. Nxd4 g6 5. c4 Bg7 6. Be3 Nf6 7. Nc3 O-O 8.
Be2 d6 9. O-O a5 10. b3 Bd7 11. Qd2 a4 12. f3 Qa5 13. Rab1 a3 14. Rfd1 Rfc8 15.
h3 Nxd4 16. Bxd4 Be6 17. Qe3 Nd7 18. Nd5 Bxd5 19. exd5 Bxd4 20. Rxd4 Re8 21.
Rbd1 Qc5 22. Kh1 Nf6 23. Qg5 e5 24. Rh4 Nd7 25. Qh6 Nf8 26. Bd3 Re7 27. Re1
Rae8 28. Qg5 Qb4 29. Re2 Qc3 30. Qe3 f5 31. Bb1 Qxe3 32. Rxe3 f4 33. Rc3 Nd7
34. Kh2 Nf6 35. Rg4 Nxg4+ 36. hxg4 b6 37. Bd3 Rc7 38. Rc2 Kg7 39. Kg1 Kf6 40.
Kf2 Rcc8 41. Rd2 Kg5 42. Rd1 Rh8 43. Rb1 h5 44. gxh5 Rxh5 45. b4 Rhh8 46. Rb3
Rh1 47. Bf1 Kf6 48. Rb1 g5 49. Rc1 e4 50. fxe4 Ke5 51. Kf3 Rh4 52. Bd3 g4+ 53.
Kf2 Kd4 54. Bf1 Kxe4 55. Re1+ Kd4 56. Rd1+ Kc3 57. Rd3+ Kxb4 58. Rb3+ Kc5 59.
Rb5+ Kd4 60. Rxb6 Rh6 61. Be2 Rg6 62. Rb3 g3+ 63. Kf3 Rf6 64. Rb6 Ra8 65. Rb3
Rf7 66. Bd3 Rb7 0-1

[Event "Russian Championship G17 2016"]
[Site "Loo"]
[Date "2016.04.20"]
[Round "1.3"]
[White "Protopopova, Anastasiya"]
[Black "Mukhtarova, Anastasiia"]
[Result "1-0"]
[WhiteElo "2188"]
[BlackElo "1877"]
[PlyCount "89"]
[EventDate "2016.04.20"]

1. Nf3 c5 2. c4 Nf6 3. Nc3 b6 4. g3 Bb7 5. Bg2 e6 6. O-O Be7 7. d4 cxd4 8. Qxd4
O-O 9. Bg5 Nc6 10. Qd2 a6 11. Rfd1 Nb8 12. Bf4 d5 13. Ne5 Nbd7 14. Nxd7 Qxd7
15. cxd5 exd5 16. Nxd5 Nxd5 17. Bxd5 Bxd5 18. Qxd5 Qxd5 19. Rxd5 Bf6 20. Rad1
b5 21. b3 Rfe8 22. e3 h6 23. Bc7 Rac8 24. Ba5 Rc6 25. Rd6 Rec8 26. Rxc6 Rxc6
27. Bb4 Rc2 28. Rd2 Rc6 29. Kg2 Rc8 30. f4 Bd8 31. e4 a5 32. Bd6 b4 33. e5 Bb6
34. Kf3 h5 35. f5 g6 36. fxg6 fxg6 37. Ke4 Kf7 38. Kd5 Rc1 39. Rd3 Rc3 40. Rd1
Rf3 41. Kc6 Bd8 42. Kd7 Bg5 43. h4 Bh6 44. e6+ Kg8 45. e7 1-0